Ces célébrités qui ont un nom de lieu #2 - Statistiques

Statistiques générales
  • Ce quiz a été pris 9 161 fois
  • Le résultat moyen est 10 sur 16
Statistiques - réponses
Par images Hint Réponse % Correct
Ville italienne Léonard de {Vinci}
97%
Ville anglaise ou américaine Abraham {Lincoln}
94%
Ville ou État américain George {Washington}
94%
Pays {Salvador} Dali
93%
Ville australienne {Sydney} Sweeney
92%
Ville espagnole ou mexicaine {Léon} Blum
79%
Capitale {Victoria} Beckham
74%
Capitale {Paris} Jackson
60%
Ville américaine {Eugène} Delacroix
59%
État américain {Virginie} Hocq
52%
Pays {Dominique} Farrugia
45%
Capitale {Sofia} Coppola
45%
Ville américaine {Helena} Bonham-Carter
43%
Ville italienne {Milan} Kundera
38%
Ville colombienne {Cali}
37%
Ville française Pierre-François Martin-{Laval}
30%
Aucun quiz correspondant
Distribution des résultats
% des personnes avec chaque résultat
Percentile par nombre de réponses
Votre historique - résultats
Vous n’avez pas pris ce quiz